000 00720nam a22001697a 4500
003 OSt
005 20171010095526.0
008 120926t xxu||||| |||| 00| 0 eng d
040 _aMMSU
_cULS
100 _aBaltazar, August R., Guinto, Fritz Carlo F., Malab, Ebenezer S.
_912839
245 _aA Web-based data manager and project monitoring system for Ilocos Agriculture and Research Resource and Development Consortium
_cAugust R.Baltazar, Fritz Carlo F. Guinto, Ebenezer S. Malab
260 _c2008
300 _ax, [103] leaves
_c28 cm.
500 _aThesis (BS Computer Science) -- Mariano Marcos State University-College of Arts and Sciences, Batac City
504 _aBibliography: None
942 _2ddc
_cTHEDIS
999 _c9786
_d9786